000 00287 a2200121 4500
001 147066
040 _cEscola São Tomás de Aquino
100 _aIACOCCA, Liliana
240 1 0 _aO cavalo solitário
_lpor
245 1 0 _aO cavalo solitário
697 _a*LITERATURA INFANTIL
942 _cBK
999 _c147066
_d147066